00269nam a2200097 4500245004000000100001900040260006000059300001800119490001800137082001600155 aJourney without mapscGraham Greene aGreene, Graham aHarmondsworth,Engb Penguin Booksc1936[reprinted 1971] a249p.; 18cm.- aPenguin books a823.91bGRE